| 000 | 00570nam a22002537a 4500 | ||
|---|---|---|---|
| 003 | UA-OsUOA | ||
| 001 | 33359 | ||
| 007 | ta | ||
| 008 | 20041202b un ||||| |||| 00| 0 ukr d | ||
| 100 | _aКоваль Я. І. | ||
| 090 |
_a304 _bК56 |
||
| 942 | _cBK | ||
| 040 |
_aUA-OsUOA _brus _cUA-OsUOA _dUA-OsUOA |
||
| 245 | _aПродуктовий геноцид | ||
| 300 | _a48 с. | ||
| 955 | _a0 | ||
| 041 | _arus | ||
| 080 | _a304 | ||
| 020 | _a966-666-204-8 | ||
| 260 |
_aЛьвів _bСполом _c2004 |
||
| 044 | _aRU | ||
| 650 | 7 | _2UDC | |
| 999 |
_c319826 _d319826 |
||